Style / (Record no. 358039)
[ view plain ]
| 000 -LEADER | |
|---|---|
| fixed length control field | 00640nam a2200229Ia 4500 |
| 008 - FIXED-LENGTH DATA ELEMENTS--GENERAL INFORMATION | |
| fixed length control field | 180620s9999 xx 000 0 und d |
| 020 ## - INTERNATIONAL STANDARD BOOK NUMBER | |
| International Standard Book Number | 0-399-52152-6 |
| 050 ## - LIBRARY OF CONGRESS CALL NUMBER | |
| Classification number | REF TT 507 |
| 050 ## - LIBRARY OF CONGRESS CALL NUMBER | |
| Item number | .K54 1995 |
| 100 ## - MAIN ENTRY--PERSONAL NAME | |
| Personal name | Klensch, Elsa. |
| 245 #0 - TITLE STATEMENT | |
| Title | Style / |
| 245 #0 - TITLE STATEMENT | |
| Statement of responsibility, etc | Elsa Klensch with Beryl Meyer. |
| 260 ## - PUBLICATION, DISTRIBUTION, ETC. (IMPRINT) | |
| Place of publication, distribution, etc | New York : |
| 260 ## - PUBLICATION, DISTRIBUTION, ETC. (IMPRINT) | |
| Name of publisher, distributor, etc | Berkley Publications, |
| 260 ## - PUBLICATION, DISTRIBUTION, ETC. (IMPRINT) | |
| Date of publication, distribution, etc | 1995 |
| 300 ## - PHYSICAL DESCRIPTION | |
| Extent | 228 pages : |
| 300 ## - PHYSICAL DESCRIPTION | |
| Other physical details | illustrations ; |
| 300 ## - PHYSICAL DESCRIPTION | |
| Dimensions | 23 cm. |
| 650 ## - SUBJECT ADDED ENTRY--TOPICAL TERM | |
| Topical term or geographic name as entry element | Clothing and dress -- Handbooks, manuals, etc. |
| 650 ## - SUBJECT ADDED ENTRY--TOPICAL TERM | |
| Topical term or geographic name as entry element | Fashion -- Handbooks, manuals, etc. |
| 650 ## - SUBJECT ADDED ENTRY--TOPICAL TERM | |
| General subdivision | Beautym Personal -- Handbooks, manuals, etc. |
| Withdrawn status | Lost status | Damaged status | Home library | Current library | Shelving location | Date acquired | Cost, normal purchase price | Total Checkouts | Full call number | Barcode | Date last seen | Price effective from | Koha item type |
|---|---|---|---|---|---|---|---|---|---|---|---|---|---|
| South Mansfield College | South Mansfield College | Reference Section | 01/11/2008 | 365.00 | REF TT 507 .K54 1995 | SMC04739 | 06/20/2018 | 06/20/2018 |